01479cam a2200361 a 4500001001400000003000800014005001700022006001900039007001500058008004100073020003800114040003000152049002600182050002300208082001600231100002800247245012700275260002800402300003600430520021200466521001700678588004700695504005100742650005200793650002500845650001900870655002900889710001600918776003500934856011300969942001601082999001901098EDZ0000072162StDuBDS20161031105140.0m||||||||d||||||||cr |||||||||||120412s2005 enk fo| 001|0|eng d a9781446215869 (ebook) :cNo price aStDuBDSbengcStDuBDSepn aAlfaisal Main Library 0aHD62.4b.P373 200504a658.0492231 aParker, Barbara,d1947-10aIntroduction to globalization and businessh[electronic resource] :brelationships and responsibilities /cBarbara Parker. aLondon :bSAGE,cc2005. a1 online resource (xii, 523 p.)8 aThis work delivers the fast-moving concept of globalization into the hands of students. The breadth and depth of material covered in the text makes it appropriate for both undergraduate and graduate classes. aSpecialized. aDescription based on print version record. aIncludes bibliographical references and index. 0aInternational business enterprisesxManagement. 0aInternational trade. 0aGlobalization. 7aElectronic books.2local2 aSage eBooks08iPrint version :z978076194496640uhttp://ezproxy.alfaisal.edu/login?url=http://sk.sagepub.com/books/introduction-to-globalization-and-business 2lcccEBOOKS c480366d480366